000 01226nam a2200229Ia 4500
001 L200-53587
003 IT-CnALBA
008 170116s9999||||xx |||||||||||||| ||und||
040 _aIT-CnALBA
_cIT-CnALBA
041 _aITALIANO
100 _aPIGNATIELLO LUIGI, MONS.
245 0 _aLA COMUNITÀ CRISTIANA E L'INIZIAZIONE ALLA EUCARISTIA. QUADERNI VIA VERITÀ E VITA.
250 _a1a ed.
260 _a ROMA
_bCENTRO CATECHISTICO PAOLINO
_cn.d.
300 _a48 p.
500 _aPROBLEMI E INDICAZIONI PER UNA PASTORALE CATECHISTICA D'INIZIAZIONE CRISTIANA. INIZIAZIONE ALL'EUCARISTIA E CAMMINO DI FEDE. DELLE CHIESE LOCALI. FAMIGLIA E INIZIAZIONE DEI FIGLI ALLA EUCARISTIA. MASSI P. EUCARISTIA, ANNUNCIO PASQUA DEL SIGNORE. SEGNO COM
501 _aSocietà San Paolo EM - Piazza San Paolo, 14 - 12051 ALBA (CN) (non commercial uses only) ® Copyright 2017
520 _aPROBLEMI E INDICAZIONI PER UNA PASTORALE CATECHISTICA D'INIZIAZIONE CRISTIANA. INIZIAZIONE ALL'EUCARISTIA E CAMMINO DI FEDE. DELLE CHIESE LOCALI. FAMIGLIA E INIZIAZIONE DEI FIGLI ALLA EUCARISTIA. MASSI P. EUCARISTIA, ANNUNCIO PASQUA DEL SIGNORE. SEGNO COM
650 _aRELIGIONE - RELIGIONE CRISTIANA
942 _cBK
957 _71
999 _a71077
_bNO
_g Copie: 1
_c312466
_d312466